[Event "Detroit op"]
[Site "Detroit"]
[Date "2003.02.15"]
[Round "3"]
[White "Liu, Lanxin"]
[Black "Sowa, Jason"]
[Result "0-1"]
[WhiteElo "652"]
[BlackElo "1014"]
[PlyCount "114"]
[EventDate "2003.02.15"]
[EventType "swiss"]
[EventRounds "4"]
[EventCountry "USA"]
[SourceTitle "EXT 2007"]
[Source "ChessBase"]
[SourceDate "2006.11.23"]
[SourceVersion "1"]
[SourceVersionDate "2006.11.23"]
[SourceQuality "1"]

1. g3 Nf6 2. Bg2 c6 3. Nf3 d5 4. 0-0 g6 5. d4 Bg7 6. Nc3 Bd7 7. Bf4 Qc8 8. Qd2 0-0 9. Qe3 Re8 10. Bh6 Bh8 11. Bg5 Bh3 12. Bxf6 Bxf6 13. Qh6 Bxg2 14. Kxg2 Qf5 15. Qd2 Nd7 16. Qd3 Qxd3 17. exd3 Nf8 18. Ne5 Bxe5 19. dxe5 e6 20. d4 b6 21. Rac1 Nd7 22. b3 Rac8 23. Rfd1 Kg7 24. a4 a5 25. Rb1 Rc7 26. b4 axb4 27. Rxb4 Rec8 28. Ra1 c5 29. dxc5 Rxc5 30. Nb5 Rxc2 31. Rab1 R8c4 32. Rxc4 Rxc4 33. Nd6 Rxa4 34. Nc8 Ra6 35. Kf1 Nxe5 36. Nxb6 Nc4 37. Rc1 Rxb6 38. Ke2 Kf6 39. Kd3 Ke5 40. Re1+ Kd6 41. Kc2 f5 42. Rb1 Na3+ 43. Kd3 Rxb1 44. Ke3 Ke5 45. Kf3 g5 46. g4 fxg4+ 47. Kxg4 Rg1+ 48. Kf3 g4+ 49. Ke2 Ke4 50. Kd2 d4 51. h4 Rg2 52. Ke2 d3+ 53. Kd1 Rxf2 54. h5 Rf1+ 55. Kd2 Rf2+ 56. Kd1 Ke3 57. h6 Rf1# 0-1